[Event "GRE-ch U16 Attiki"]
[Site "Peristeri"]
[Date "2022.06.25"]
[Round "2"]
[White "Koukouves, Vlasios"]
[Black "Proutsalis, Marios Alexandros"]
[Result "1/2-1/2"]
[WhiteElo "1811"]
[BlackElo "1461"]
[PlyCount "100"]
[EventDate "2022.06.24"]
[EventType "swiss"]
[EventRounds "7"]
[EventCountry "GRE"]
[SourceTitle "EXT 2023"]
[Source "ChessBase"]
[SourceDate "2022.10.05"]
[SourceVersion "1"]
[SourceVersionDate "2022.10.05"]
[SourceQuality "1"]

1. e4 c5 2. Nf3 a6 3. c4 e6 4. Nc3 d6 5. d4 cxd4 6. Nxd4 Nf6 7. Be2 Qc7 8. 0-0 b6 9. Be3 Bb7 10. f3 Nbd7 11. Rc1 Be7 12. Qe1 0-0 13. Qf2 Rac8 14. Rfd1 Qb8 15. Na4 Bd8 16. Nc3 Re8 17. b3 Bc7 18. g3 Ne5 19. Nc2 Qa8 20. Bxb6 Bxb6 21. Qxb6 d5 22. Qd6 dxe4 23. fxe4 Ng6 24. Bf3 Nxe4 25. Bxe4 Red8 26. Qb6 Rxd1+ 27. Rxd1 Bxe4 28. Nxe4 Qxe4 29. Rd8+ Rxd8 30. Qxd8+ Nf8 31. Qd2 h5 32. Qg2 Qd3 33. Ne1 Qc3 34. Kf1 e5 35. Qc2 Qe3 36. Qf2 Qc3 37. Qc2 Qd4 38. c5 Ne6 39. c6 Qd6 40. Nf3 Nc7 41. Nh4 g6 42. Nf3 Qd5 43. Ke2 Kg7 44. a4 a5 45. Qc3 Kf6 46. Qc2 Ke6 47. Ng5+ Kd6 48. Ne4+ Ke7 49. Qc5+ Ke6 50. Qc2 Ke7 1/2-1/2

[Event "GRE-ch U20"]
[Site "Trikala"]
[Date "2020.08.17"]
[Round "1"]
[White "Stefanou, Dimitrios"]
[Black "Proutsalis, Marios Alexandros"]
[Result "1-0"]
[WhiteElo "2030"]
[BlackElo "1509"]
[PlyCount "37"]
[EventDate "2020.08.17"]
[EventType "swiss"]
[EventRounds "9"]
[EventCountry "GRE"]
[SourceTitle "CBM 198 Extra"]
[Source "ChessBase"]
[SourceDate "2020.11.30"]
[SourceVersion "1"]
[SourceVersionDate "2020.11.30"]
[SourceQuality "1"]

1. Nf3 c5 2. c4 Nf6 3. Nc3 d5 4. cxd5 Nxd5 5. g3 e6 6. Bg2 Nxc3 7. bxc3 Nc6 8. 0-0 Be7 9. d4 cxd4 10. cxd4 Bf6 11. e3 0-0 12. Ba3 Re8 13. Rb1 Qa5 14. Qb3 Be7 15. Bxe7 Rxe7 16. Rfc1 Rc7 17. Rc5 Qa6 18. Bf1 Qb6 19. Qc2 1-0